000 00608nam a2200205Ia 4500
005 20260429111952.0
008 260429s9999||||xx |||||||||||||| ||und||
020 _a9781032774589
041 _aEnglish
082 _a001.42
_bSAV
100 _aSavin-Baden, Maggi
245 0 _aQualitative research :
_bthe essential guide to theory and practice /
_cMaggi Savin-Baden
260 _aBoca Raton :
_bCRC Press,
_c2025.
300 _axii, 632 p.; pbk
650 _a Qualitative research
650 _a Research methodology
650 _aResearch methods
700 _a Major, Claire Howell
942 _cTB
999 _c51670
_d51670